000
00282nam a2200121Ia 4500
005
20260328104304.0
008
260328s9999||||xx |||||||||||||| ||und||
100
_a
Skötte, Hans
245
0
_a
TYIN Tegnestue /
_c
Hans Skötte
260
_b
MUSAC
650
_a
DOCENTES
942
_c
BK
999
_c
10710
_d
10710